000 00544nam a22002057a 4500
003 OSt
005 20150508145353.0
008 150508b xxu||||| |||| 00| 0 eng d
020 _a9781609133085
040 _cDNLM
082 _aQS17 C59a 2011
100 _aClement, Carmine D.
_9185
245 _aAnatomy:
_ba regional atlas of the human body
250 _a6th ed.
260 _aPhiladelphia;
_bWolters kluwer
_c2011
300 _a694p;
_bcol.ill:
_c30cm
504 _a Index included
650 _aAnatomy Atlas
_94546
942 _2z
_cO_SHELF
999 _c1723
_d1723